Novel Materials for Dye Sensitized Solar Cells / (Record no. 527905)

000 -LEADER
fixed length control field 00539nam a22001577a 4500
020 ## - INTERNATIONAL STANDARD BOOK NUMBER
Qualifying information Hard Cover.
100 ## - MAIN ENTRY--PERSONAL NAME
Personal name Javed, Sofia
245 ## - TITLE STATEMENT
Title Novel Materials for Dye Sensitized Solar Cells /
Statement of responsibility, etc. Sofia Javed.
260 ## - PUBLICATION, DISTRIBUTION, ETC.
Place of publication, distribution, etc. Islamabad:
Name of publisher, distributor, etc. SCME - NUST,
Date of publication, distribution, etc. 2015.
300 ## - PHYSICAL DESCRIPTION
Extent xvii, 106 p. : ill. ;
Dimensions 30cm.
650 ## - SUBJECT ADDED ENTRY--TOPICAL TERM
Topical term or geographic name entry element PhD-Materials Engineering
700 ## - ADDED ENTRY--PERSONAL NAME
Personal name Dr. Mohammad Mujahid.
856 ## - Uniform Resource Identifier
Uniform Resource Identifier <a href="http://10.250.8.41:8080/xmlui/handle/123456789/21786">http://10.250.8.41:8080/xmlui/handle/123456789/21786</a>
942 ## - ADDED ENTRY ELEMENTS (KOHA)
Source of classification or shelving scheme
Koha item type Thesis
650 ## - SUBJECT ADDED ENTRY--TOPICAL TERM
-- 123162
700 ## - ADDED ENTRY--PERSONAL NAME
-- 19410
Holdings
Withdrawn status Lost status Source of classification or shelving scheme Damaged status Not for loan Permanent Location Current Location Shelving location Date acquired Full call number Barcode Date last seen Price effective from Koha item type
          Central Library (CL) Central Library (CL) Thesis 08/21/2019 200 CLPT-518 08/21/2019 08/21/2019 Thesis
© 2023 Central Library, National University of Sciences and Technology. All Rights Reserved.